Spot The Difference - Country Flags - Statistics

General Stats
  • This quiz has been taken 275 times
  • The average score is 36 of 53
Answer Stats
Question Tile Select % Correct
flags that aren't Canada (one) No
92%
flags that aren't Canada (one) Yes
91%
flags that aren't Canada (one) No
91%
flags that aren't Canada (one) No
88%
flags that aren't Antigua and Barbuda (one) No
88%
flags that aren't Antigua and Barbuda (one) No
88%
flags that aren't Antigua and Barbuda (one) Yes
87%
flags that aren't Antigua and Barbuda (one) No
87%
flags that aren't Cape Verde (one) No
85%
flags that aren't Cape Verde (one) No
83%
flags that aren't Cape Verde (one) No
83%
flags that aren't Cape Verde (one) Yes
82%
flags that aren't Kosovo (1) No
81%
flags that aren't Kosovo (1) No
80%
flags that aren't Kosovo (1) No
77%
flags that aren't Argentina (one) No
74%
flags that aren't Argentina (one) No
70%
flags that aren't Cyprus (one) No
70%
flags that aren't Kosovo (1) Yes
69%
flags that aren't Cyprus (one) No
69%
flags that aren't Sri Lanka (two) No
69%
flags that aren't Grenada (three) No
69%
flags that aren't Grenada (three) No
69%
flags that aren't Argentina (one) No
68%
flags that aren't Sri Lanka (two) No
68%
flags that aren't Sri Lanka (two) No
67%
flags that aren't Grenada (three) No
67%
flags that aren't Grenada (three) No
67%
flags that aren't Grenada (three) No
66%
flags that aren't Grenada (three) No
66%
flags that aren't Australia (two) No
65%
flags that aren't Sri Lanka (two) No
64%
flags that aren't Australia (two) No
64%
flags that aren't Australia (two) No
63%
flags that aren't Sri Lanka (two) Yes
62%
flags that aren't Australia (two) No
61%
flags that aren't Grenada (three) Yes
61%
flags that aren't Cyprus (one) No
60%
flags that aren't Grenada (three) Yes
60%
flags that aren't Grenada (three) Yes
59%
flags that aren't Kazakhstan (one) No
58%
flags that aren't Kazakhstan (one) No
58%
flags that aren't Brazil (one) No
57%
flags that aren't Argentina (one) Yes
55%
flags that aren't Kazakhstan (one) No
54%
flags that aren't Australia (two) Yes
54%
flags that aren't Sri Lanka (two) Yes
53%
flags that aren't Australia (two) Yes
53%
flags that aren't Brazil (one) No
52%
flags that aren't Brazil (one) No
52%
flags that aren't Cyprus (one) Yes
51%
flags that aren't Kazakhstan (one) Yes
35%
flags that aren't Brazil (one) Yes
28%
No matching quizzes found
Score Distribution
Percent of People with Each Score
Percentile by Number Answered
Your Score History
You have not taken this quiz